Poe: a critical study

Uloženo v:
Podrobná bibliografie
Hlavní autor: Davidson, Edward H.
Médium: Kniha
Jazyk:Undetermined
Vydáno: Cambridge, Reino Unido Harvard University Press 1973
Témata:
Tagy: Přidat tag
Žádné tagy, Buďte první, kdo vytvoří štítek k tomuto záznamu!

MARC

LEADER 00000nam a2200000Ia 4500
008 170316s9999 xx 000 0 und d
040 |a cru BVZT 
090 |a C-810 D-2p 
100 |a Davidson, Edward H. 
245 |a Poe: a critical study 
260 |a Cambridge, Reino Unido 
260 |b Harvard University Press 
260 |c 1973 
300 |a 296 páginas 
650 |a LITERATURA ESTADOUNIDENSE 
650 |a CRÍTICA 
999 |c 12838  |d 12838 
942 |c 15 D  |h C-810 D-2p  |2 z